All LEGO Star Wars Sets from 1999 - Statistics

General Stats
  • This quiz has been taken 28 times
  • The average score is 5 of 13
Answer Stats
Answer % Correct
X-wing Fighter
78%
Landspeeder
61%
Naboo Fighter
52%
Snowspeeder
48%
Naboo Swamp
43%
Anakin's Podracer
39%
Mos Espa Podrace
39%
Droid Fighter
35%
Gungan Sub
35%
Sith Infiltrator
35%
Speeder Bikes
26%
Lightsaber Duel
22%
TIE Fighter & Y-wing
17%
No matching quizzes found
Score Distribution
Percent of People with Each Score
Percentile by Number Answered
Your Score History
You have not taken this quiz